| 000 | 00396nam a2200169Ia 4500 | ||
|---|---|---|---|
| 008 | 230524s9999 xx 000 0 und d | ||
| 020 | _a9788125923473 | ||
| 082 |
_a331.714 _bDWI |
||
| 100 | _aD.N.Dwivedi | ||
| 245 | 0 | _aManagerial Economics | |
| 250 | _a1ST | ||
| 260 |
_aNEW DELHI _bVikas _c1999 |
||
| 300 | _aXX;472 | ||
| 500 | _aQuantity Number: 50 | ||
| 650 | _aEconomics | ||
| 942 | _cBK | ||
| 999 |
_c15816 _d15816 |
||